01399nam a22003254a 4500001001200000003000800012006001900020007001500039008004100054010001700095020002800112040002100140035002000161050002400181082001600205100002600221245012600247260004400373300001700417490006600434504005100500533015200551650004800703650004700751650004800798655002900846710001700875830005500892856012600947ebr10005593CaPaEBRm u cr cn|||||||||010625s2002 ctu sb 001 0ceng  z 2001045122 z0313319472 (alk. paper) aCaPaEBRcCaPaEBR a(OCoLC)7076369914aLC1757b.E39 2002eb04a370/.822211 aEdwards, June,d1934-10aWomen in American education, 1820-1955h[electronic resource] :bthe female force and educational reform /cJune Edwards. aWestport, CT :bGreenwood Press,c2002. axvii, 154 p.1 aContributions to the study of education,x0196-707X ;vno. 81 aIncludes bibliographical references and index. aElectronic reproduction.bPalo Alto, Calif. :cebrary,d2013.nAvailable via World Wide Web.nAccess may be limited to ebrary affiliated libraries. 0aWomen in educationzUnited StatesxHistory. 0aWomen educatorszUnited StatesvBiography. 0aEducational changezUnited StatesxHistory. 7aElectronic books.2local2 aebrary, Inc. 0aContributions to the study of education ;vno. 81.40uhttp://site.ebrary.com/lib/rucke/Doc?id=10005593zAn electronic book accessible through the World Wide Web; click to view